| 000 | 00727nam a2200217 4500 | ||
|---|---|---|---|
| 003 | LK-CoMWRAF | ||
| 005 | 20231206094237.0 | ||
| 008 | 230924b2005 |||||||| |||| 00| 0 eng d | ||
| 020 | _a9068328492 | ||
| 040 |
_aLK-CoMWRAF _dLK-CoMWRAF _eLK-CoMWRAF |
||
| 041 | _aeng | ||
| 082 |
_a330.9 _bWHY |
||
| 245 |
_aWhy did the chicken cross the road?: _b and other stories on development evaluation |
||
| 260 |
_aAmsterdam: _bRoyal Tropical Institute, _c2005. |
||
| 300 | _a87 p. ; 24 cm. | ||
| 650 | _aINTERNATIONAL COOPERATION | ||
| 650 | _aDeveloping countries -- Economic conditions | ||
| 700 |
_aCummings, Sarah _eed. |
||
| 856 | _uhttps://library.concordeurope.org/record/1878/files/DEEEP-BOOK-2017-007.pdf | ||
| 942 | _cBK | ||
| 999 |
_c3639 _d3639 |
||